| 000 | 00489nam a2200193Ia 4500 | ||
|---|---|---|---|
| 005 | 20220518113737.0 | ||
| 008 | 140110s9999 xx 000 0 und d | ||
| 020 |
_a9780141194509 _cRs.299.00 |
||
| 040 | _aLoreto College | ||
| 041 | _aEnglish | ||
| 082 |
_aF _bKEA |
||
| 100 | _aKeating, H.R.F. | ||
| 245 |
_aInspector Ghote trusts the heart _cH.R.F. Keating |
||
| 260 |
_aLondon _bPenguin Books _c2011 |
||
| 300 | _axi, 209p. | ||
| 650 | _aFiction | ||
| 850 | _aLCLIB | ||
| 942 | _cBK | ||
| 999 |
_c38397 _d88876 |
||